| 000 | 00314nam a22001097a 4500 | ||
|---|---|---|---|
| 008 | 241105b xxu||||| |||| 00| 0 eng d | ||
| 100 | _aTorres, Jennifer | ||
| 245 |
_aFlor and Miranda steal the show _cJennifer Torres |
||
| 260 |
_aNew York: _bScholastic, Inc. _c2018 |
||
| 300 |
_a184p.; _c120 cm. |
||
| 942 |
_2ddc _cBK |
||
| 999 |
_c366653 _d366653 |
||